000 00458nam a2200169Ia 4500
003 GCL
008 140319s9999 xx 000 0 ara d
040 _aGCL /
_cGCL
082 0 4 _a155.4
_bح ا
100 1 _aخليل محسن
245 1 0 _aاحبب اولادك ولكن /
_cخليل محسن
260 _a[S.N] :
_bدار الكتاب الحديث ،
_c1991
300 _a144 ص
490 _a
650 0 4 _aعلم نفس الطفل
942 _2ddc
_cBK
999 _c53767
_d53767